| 000 | 01528nmc a2200481 a 4500 | ||
|---|---|---|---|
| 003 | AR-BaBNM | ||
| 005 | 20251128204349.0 | ||
| 008 | 077019s1992 ||||||||||||||000 | spa|| | ||
| 020 | _a950-737-094-X | ||
| 040 | _cAR-BaBNM | ||
| 245 | 1 | 0 |
_aAlicia en el país de las pesadillas y otros poemas _bmárgenes de la poesía latinoamericana |
| 260 |
_aBuenos Aires _bCoquena Grupo Editor _bLibros del Quirquincho _c1992 |
||
| 300 | 0 |
_a95 p. _bil. |
|
| 490 | 0 | _aLibros para nada | |
| 500 | 0 | _aContiene índice alfabético de los autores y sus obras | |
| 500 | 0 | _aIndice general de la obras indicado por autor | |
| 504 | _aBibliografía sobre poesía latinoamericana | ||
| 600 | 1 | 4 | _aBenedetti, Mario |
| 600 | 1 | 4 | _aCardenal, Ernesto |
| 600 | 1 | 4 | _aAndrade, Carlos Drummond de |
| 600 | 1 | 4 | _aGelman, Juan |
| 600 | 1 | 4 | _aGonzález Tuñon, Raúl |
| 600 | 1 | 4 | _aParra, Nicanor |
| 600 | 1 | 4 | _aVilariño, Idea |
| 600 | 1 | 4 | _aPacheco, José Emilio |
| 600 | 1 | 4 | _aZamora, Daisy |
| 650 | 4 | _aLITERATURA LATINOAMERICANA | |
| 650 | 4 | _aLITERATURA INFANTIL | |
| 650 | 4 | _aPOESIAS | |
| 650 | 4 | _aLIBROS PARA NINOS | |
| 650 | 4 | _aANTOLOGIAS | |
| 653 | 0 | _aPOESIA INFANTIL | |
| 655 | _aLITERATURA | ||
| 700 | 1 |
_aPorrúa, Ana _ecompilador |
|
| 700 | 1 |
_aStok, Ana _eilustrador |
|
| 700 | 1 |
_aSocolovsky, Paula _eilustrador |
|
| 700 | 1 |
_aPollini, Luis _eilustrador |
|
| 700 | 1 |
_aPereyra, Ricardo _eilustrador |
|
| 700 | 1 |
_aSapia, Armando _eilustrador |
|
| 800 | 1 |
_aBombini, Gustavo _edirector |
|
| 942 | _cBK | ||
| 998 | _claura | ||
| 999 |
_c7168 _d7168 |
||